<?xml version="1.0" encoding="UTF-8"?>
<record
    xmlns:xsi="http://www.w3.org/2001/XMLSchema-instance"
    xsi:schemaLocation="http://www.loc.gov/MARC21/slim http://www.loc.gov/standards/marcxml/schema/MARC21slim.xsd"
    xmlns="http://www.loc.gov/MARC21/slim">

  <leader>00891nam a2200181Ia 4500</leader>
  <controlfield tag="008">100921s9999    xx            000 0 und d</controlfield>
  <datafield tag="082" ind1=" " ind2=" ">
    <subfield code="b">43784</subfield>
    <subfield code="a">923.8 &#x928; 09</subfield>
  </datafield>
  <datafield tag="100" ind1=" " ind2=" ">
    <subfield code="a">&#x938;&#x93F;&#x902;&#x918;&#x932; &#x930;&#x93E;&#x939;&#x941;&#x932;,&#x905;&#x928;&#x941;.&#x915;&#x94B;&#x932;&#x94D;&#x939;&#x947; &#x930;&#x935;&#x93F;&#x902;&#x926;&#x94D;&#x930;.</subfield>
  </datafield>
  <datafield tag="245" ind1=" " ind2=" ">
    <subfield code="a">&#x915;&#x93E;&#x930;&#x94D;&#x92A;&#x94B;&#x930;&#x947;&#x91F; &#x917;&#x93E;&#x902;&#x927;&#x940; &#x928;&#x93E;&#x930;&#x93E;&#x92F;&#x923; &#x92E;&#x942;&#x930;&#x94D;&#x924;&#x940;.</subfield>
  </datafield>
  <datafield tag="260" ind1=" " ind2=" ">
    <subfield code="b">&#x938;&#x93E;&#x915;&#x947;&#x924; &#x92A;&#x94D;&#x930;&#x915;&#x93E;&#x936;&#x928;,&#x914;&#x930;&#x902;&#x917;&#x93E;&#x92C;&#x93E;&#x926;.</subfield>
    <subfield code="c">2009</subfield>
  </datafield>
  <datafield tag="300" ind1=" " ind2=" ">
    <subfield code="a">127</subfield>
    <subfield code="b">&#x91C;&#x92F;&#x947;&#x936; &#x90F;&#x91C;&#x928;&#x94D;&#x938;&#x940;,&#x92A;&#x941;&#x923;&#x947;.</subfield>
  </datafield>
  <datafield tag="365" ind1=" " ind2=" ">
    <subfield code="b">100</subfield>
  </datafield>
  <datafield tag="520" ind1=" " ind2=" ">
    <subfield code="a">&#x91A;&#x930;&#x93F;&#x924;&#x94D;&#x930;-&#x935;&#x94D;&#x92F;&#x93E;&#x92A;&#x93E;&#x930;,&#x935;&#x939;&#x93E;&#x924;&#x942;&#x915;.</subfield>
  </datafield>
  <datafield tag="630" ind1=" " ind2=" ">
    <subfield code="a">&#x915;&#x93E;&#x930;&#x94D;&#x92A;&#x94B;&#x930;&#x947;&#x91F; &#x917;&#x93E;&#x902;&#x927;&#x940; &#x928;&#x93E;&#x930;&#x93E;&#x92F;&#x923; &#x92E;&#x942;&#x930;&#x94D;&#x924;&#x940;.</subfield>
  </datafield>
  <datafield tag="650" ind1=" " ind2=" ">
    <subfield code="a">&#x91A;&#x930;&#x93F;&#x924;&#x94D;&#x930;-&#x935;&#x94D;&#x92F;&#x93E;&#x92A;&#x93E;&#x930;,&#x935;&#x939;&#x93E;&#x924;&#x942;&#x915;.</subfield>
  </datafield>
  <datafield tag="730" ind1=" " ind2=" ">
    <subfield code="a">&#x915;&#x93E;&#x930;&#x94D;&#x92A;&#x94B;&#x930;&#x947;&#x91F; &#x917;&#x93E;&#x902;&#x927;&#x940; &#x928;&#x93E;&#x930;&#x93E;&#x92F;&#x923; &#x92E;&#x942;&#x930;&#x94D;&#x924;&#x940;.</subfield>
  </datafield>
  <datafield tag="942" ind1=" " ind2=" ">
    <subfield code="c">BOOK</subfield>
  </datafield>
  <datafield tag="999" ind1=" " ind2=" ">
    <subfield code="c">792897</subfield>
    <subfield code="d">792894</subfield>
  </datafield>
  <datafield tag="952" ind1=" " ind2=" ">
    <subfield code="0">0</subfield>
    <subfield code="1">0</subfield>
    <subfield code="4">0</subfield>
    <subfield code="7">0</subfield>
    <subfield code="a">WAITILAKGS</subfield>
    <subfield code="b">WAITILAKGS</subfield>
    <subfield code="c">923.8 &#x928; 09</subfield>
    <subfield code="d">0000-00-00</subfield>
    <subfield code="g">100.00</subfield>
    <subfield code="l">0</subfield>
    <subfield code="p">WAITILAKGS-43784</subfield>
    <subfield code="r">2010-09-21 00:00:00</subfield>
    <subfield code="w">2010-09-21</subfield>
    <subfield code="y">BOOK</subfield>
    <subfield code="z">&#x926;&#x947;&#x935;&#x918;&#x947;&#x935;</subfield>
  </datafield>
</record>
